LEADER 01602nam a2200265 4500 001 000000337823 003 CaOOAMICUS 005 20191107142543.0 008 191106s1789 it 000 u ita r 040 $aSeMil$bita 100 11$aPoggi, Giuseppe,$d<1761-1842>.$0(OLS)http://semarc/name/110481 245 00$aEmende sincere di un cherico lombardo alle Annotazioni pacifiche che possono servire di risposta ad altri somiglianti libelli usciti finora alla luce. Tomo 1. [-3.]. 264 1$aFirenze :$bPresso Anton-Giuseppe Pagani,$c1789. 300 $a3 v. ;$c8° 500 $aPer l'attribuzione a Giuseppe Poggi, cfr. Melzi, Dizionario di opere anonime e pseudonime ..., v. 1., p. 354 500 $aFregio xilogr. sui front. 700 1 $aPagani, Antonio Giuseppe,$c.$0(OLS)http://semarc/name/6107 774 0 $aPoggi, Giuseppe <1761-1842>$tTomo 1.$dFirenze : Presso Anton-Giuseppe Pagani, 1789.$w()337845 774 0 $aPoggi, Giuseppe <1761-1842>$tTomo 2.$dFirenze : Presso Anton-Giuseppe Pagani, 1789.$w()337846 774 0 $aPoggi, Giuseppe <1761-1842>$tTomo 3.$dFirenze : Presso Anton-Giuseppe Pagani, 1789.$w()337847 850 $aSeMil 852 $aSeMil$W1$xVenegono$y1$qLegati insieme 1 3 vol.$B229318$CSeMilBibl$Z2$F229318 $8I 996 $6245$aEmende sincere di un cherico lombardo alle Annotazioni pacifiche che possono servire di risposta ad altri somiglianti libelli usciti finora alla luce. Tomo 1. [-3.]$9(OLS)http://semarc/title/426763 996 $6264$aFirenze :$bPresso Anton-Giuseppe Pagani$9(OLS)http://semarc/publisher/58673 LEADER 01324nam a2200265 i 4500 001 000000049607 003 CaOOAMICUS 005 20120630000000.0 008 120630s1959 it u000 u ita u 013 $a20778 040 $aSeMil$bita 100 1 $aDi Francesco, Sebastiano.$0(OLS)http://semarc/name/24564 245 10$aArmonia coniugale :$brilievi, considerazioni e consigli di un ginecologo /$cSebastiano Di Francesco ; presentazione del prof. Mario Massazza. 250 $a2. edizione riveduta e ampliata. 260 $aMilano :$bIstituto ĞLa Casağ,$cstampa 1959. 300 $a358 p. ;$c21 cm. 490 0 $aFonte chiara : chiare trattazioni di problemi fondamentali del matrimonio e della famiglia 500 $aContiene : Bibliografia. 650 4$aMatrimonio.$0(OLS)http://semarc/subject/833 700 1 $aMassazza, Mario.$0(OLS)http://semarc/name/24565 830 0$aFonte chiara : chiare trattazioni di problemi fondamentali del matrimonio e della famiglia.$0(OLS)http://semarc/title/30435 850 $aSeMil 852 $aSeMil$W1$xVenegono$y1$m2E II 174$j15762$B15762$CSeMilBibl$Z2$F15762 $81 996 $6245$aArmonia coniugale :$brilievi, considerazioni e consigli di un ginecologo$9(OLS)http://semarc/title/75503 996 $6260$aMilano :$bIstituto ĞLa Casağ$9(OLS)http://semarc/publisher/31690